| 000 | 00793nam a22002417a 4500 | ||
|---|---|---|---|
| 005 | 20130501114346.0 | ||
| 010 | _aENG-106936 | ||
| 020 |
_a9780198089544 _c825.00 |
||
| 020 |
_a0198089546 _c825.00 |
||
| 035 | _aEN-90469 | ||
| 037 | _bDBAD/PUB | ||
| 082 | 0 | 4 |
_a333.00954 _223 |
| 100 | 1 | _aChakravorty, Sanjoy | |
| 245 | 1 | 4 |
_aThe price of land : _bacquisition, conflict, consequence / _cby Sanjoy Chakravorty |
| 260 |
_aNew Delhi _bOxford University Press _c2013 |
||
| 270 |
_aYMCA Library Building, 1 Jai Singh Road _bNew Delhi _e110001 |
||
| 300 |
_axxx, 273 p. _c24cm(Hb) |
||
| 500 | _aIncludes bibliographical references and index | ||
| 650 | 0 |
_aLand tenure _zIndia. |
|
| 650 | 0 |
_aLand use _zIndia. |
|
| 942 |
_2ddc _cEN _h333.00954 _mCHA |
||
| 999 |
_c74933 _d74933 |
||